Polska wobec wyzwan XXI wieku

Salvato in:
Dettagli Bibliografici
Autore principale: Królak, Zygmunt
Natura: Libro
Lingua:polacco
Pubblicazione: Warszawa Zygmunt Królak 1999
Soggetti:
Tags: Aggiungi Tag
Nessun Tag, puoi essere il primo ad aggiungerne!!

MARC

LEADER 00000nam a2200000 4500
001 c122031
005 20221221084552.8
020 |a 83-909048-2-9 
041 0 |a pol 
044 |a PL 
245 1 0 |a Polska wobec wyzwan XXI wieku  |c Zygmunt Królak 
264 1 |a Warszawa  |b Zygmunt Królak  |c 1999 
300 |a 249 s. 
610 2 0 |a história 
610 2 0 |a vývoj hospodársky 
610 2 0 |a vývoj spoločenský 
610 2 0 |a integrácia ekonomická medzinárodná 
610 2 0 |a porovnanie medzinárodné 
610 2 0 |a hospodárstvo svetové 
610 2 0 |a euro 
610 2 0 |a vzdelanie 
610 2 0 |a veda 
610 2 0 |a inovácia 
610 2 0 |a reformy 
610 2 0 |a transformácia 
610 2 0 |a infraštruktúra 
610 2 0 |a lízing 
610 2 0 |a ekológia 
610 2 0 |a poľnohospodárstvo 
610 2 0 |a Poľsko 
610 2 0 |a Európa 
610 2 0 |a Európska únia 
100 1 |a Królak, Zygmunt